000 00990nam a2200301Ia 4500
001 41019
003 IT-RoPAU
008 130308s9999 xx 000 0 und d
040 _aIT-RoPAU
040 _cIT-RoPAU
041 _aFRANCESE
100 _aRochlitz Rainer
100 _gCodice Aut. SPICS: 15129
245 _aDes philosophes allemands face a la pensee francaise
245 _bConfrontations Philosophiques-464/465-Critique
250 _a1a ed.
260 _aPARIS
260 _bMinuit
260 _c1986 [1° Ed.:1986 - Ed.Ling.Originale:1986]
300 _a"33 p. (prefazione: no ; testo: 33 [pagine: 7-39])"
500 _aManfred Frank Singolare e Universale Axel Honneth Albrecht Wellmer Jurgen Habermas Autocritica della Ragione filosofi tedeschi di Fronte al pensiero Francese Alternative Alla Filosofia del Soggetto
650 _aLOGICA FILOSOFICA
650 _eCodice materia Spics: 3151
942 _cBK
957 _71
999 _c39042
_d39042
999 _bSI
999 _g1